All NCAA logos 2022 - Statistics

General Stats
  • This quiz has been taken 4,615 times
  • The average score is 30 of 50
Answer Stats
Picture Answer % Correct
Michigan State
96%
Temple
95%
Texas
95%
Kansas
93%
Marquette
93%
North Carolina
92%
Texas A&M
92%
Baylor
91%
California
91%
Louisville
91%
Massachusetts
91%
Michigan
91%
Mississippi State
91%
Notre Dame
91%
Oklahoma
91%
Virginia Tech
91%
Air Force
90%
Arkansas
90%
Miami
90%
Princeton
90%
Southern California
90%
Texas Christian
90%
Villanova
90%
West Virginia
90%
Boston College
89%
Clemson
89%
Duke
89%
Louisiana State
89%
Vanderbilt
89%
Alabama
88%
Arizona State
88%
California Los Angeles
88%
Harvard
88%
North Carolina State
88%
Stanford
88%
Virginia
88%
Wake Forest
88%
Wisconsin
88%
Yale
88%
Colorado
87%
Florida State
87%
Marshall
87%
Maryland
87%
Oregon State
87%
Penn State
87%
Rice
87%
Texas Tech
87%
Boise State
86%
Georgia
86%
Illinois
86%
Indiana
86%
Memphis
86%
Minnesota
86%
Pittsburgh
86%
Rutgers
86%
Tennessee
86%
Washington
86%
Auburn
85%
Central Florida
85%
Cincinnati
85%
Connecticut
85%
Creighton
85%
Florida
85%
Georgia Tech
85%
Houston
85%
Iowa State
85%
Nebraska
85%
Purdue
85%
Syracuse
85%
Western Kentucky
85%
Xavier
85%
Brigham Young
84%
Hawaii
84%
Kentucky
84%
Ohio State
84%
Oklahoma State
84%
Troy
84%
Utah State
84%
Army
83%
Georgetown
83%
Iowa
83%
Northwestern
83%
Southern Methodist
83%
Washington State
83%
Gonzaga
82%
Missouri
82%
North Dakota State
82%
San Diego State
82%
Utah
82%
Akron
81%
East Carolina
81%
James Madison
81%
Louisiana
81%
Nevada Las Vegas
81%
South Carolina
81%
Wyoming
81%
Arizona
80%
Bowling Green
80%
Florida Atlantic
80%
Florida Gulf Coast
80%
George Mason
80%
Navy
80%
Tulane
80%
Buffalo
79%
Dayton
79%
South Florida
79%
Wichita State
79%
Providence
78%
Saint Mary's
78%
Alcorn
77%
Coastal Carolina
77%
Fresno State
77%
Grambling
77%
Northern Illinois
77%
Holy Cross
76%
Kansas State
76%
Richmond
76%
William and Mary
76%
Dartmouth
75%
George Washington
75%
Liberty
75%
Appalachian State
74%
Central Michigan
74%
Fordham
74%
High Point
74%
North Dakota
74%
San Diego
74%
Texas El Paso
74%
Ball State
73%
Charlotte
73%
Kennesaw State
73%
Miami (OH)
73%
Montana
73%
Nevada
73%
Saint Peter's
73%
Seton Hall
73%
St. Johns
73%
Vermont
73%
Eastern Michigan
72%
Louisiana Tech
72%
Loyola Chicago
72%
New Mexico
72%
Northern Kentucky
72%
North Texas
72%
San Jose State
72%
Toledo
72%
Alabama Birmingham
71%
California Santa Barbara
71%
Colorado State
71%
Grand Canyon
71%
Indiana State
71%
American
70%
Colgate
70%
Cornell
70%
Eastern Kentucky
70%
Long Beach
70%
Penn
70%
Rhode Island
70%
Virginia Commonwealth
70%
Brown
69%
Georgia State
69%
Boston
68%
Furman
68%
Jackson State
67%
Louisiana Monroe
67%
South Dakota
67%
South Dakota State
67%
Chattanooga
66%
Eastern Washington
66%
Kent State
66%
Ole Miss
66%
San Francisco
66%
South Alabama
66%
Arkansas State
65%
California Irvine
65%
DePaul
65%
Green Bay
65%
Jacksonville State
65%
Murray State
65%
Butler
64%
McNeese
64%
Alabama A&M
63%
Drake
63%
Idaho
63%
Middle Tennessee State
63%
New Mexico State
63%
Stephen F. Austin
63%
Texas State
62%
Charleston
61%
Duquesne
61%
Georgia Southern
61%
Texas San Antonio
61%
Bucknell
60%
Delaware
60%
Long Island
60%
Ohio
60%
Cal Poly
59%
Lehigh
59%
Mercer
59%
Davidson
58%
Florida A&M
58%
Saint Josephs
58%
Texas Southern
58%
Campbell
57%
Jacksonville
57%
Pepperdine
57%
Northern Iowa
56%
Sam Houston State
56%
South Carolina State
56%
Southern Miss
56%
The Citadel
56%
Austin Peay
55%
Howard
55%
Montana State
55%
Norfolk State
55%
Saint Louis
55%
Columbia
54%
Youngstown State
54%
Western Michigan
53%
Bradley
52%
Denver
52%
Florida International
52%
Northern Arizona
52%
Omaha
52%
Southern
52%
Tennessee Tech
52%
Alabama State
51%
Portland State
51%
Winthrop
51%
Iona
50%
Prairie View A&M
50%
Samford
50%
UMBC
50%
Elon
49%
Manhatten
49%
Oakland
49%
St. Bonaventure
49%
Virginia Military
49%
Bethune-Cookman
48%
Fairfield
48%
Marist
48%
Presbyterian
48%
Detroit Mercy
46%
Loyola Marymount
46%
Maine
46%
Tarleton
46%
Monmouth
45%
Wofford
45%
Albany
44%
Cleveland State
44%
Lipscomb
44%
Oral Roberts
44%
Stetson
44%
Loyola
43%
Missouri State
43%
Nicholls
43%
Stony Brook
43%
Texas A&M Corpus Christi
43%
Western Carolina
43%
East Tennessee State
42%
Evansville
42%
Lafayette
42%
Tulsa
42%
Illinois Chicago
41%
Mount St. Mary's
41%
Quinnipiac
41%
Rider
41%
Santa Clara
41%
Southern Illinois
41%
Valparaiso
41%
Arkansas-Pine Bluff
40%
Bryant
40%
Delaware State
40%
Incarnate Word
40%
California Riverside
39%
North Carolina Wilmington
39%
Portland
39%
Radford
39%
Gardner-Webb
38%
Hofstra
38%
Purdue Fort Wayne
38%
Robert Morris
38%
Sacramento State
38%
Texas Rio Grande Valley
38%
Morehead State
37%
Wagner
37%
Sacred Heart
36%
South Carolina Upstate
36%
Towson
36%
Chicago State
35%
Lamar
35%
North Carolina A&T
35%
Longwood
34%
New Hampshire
34%
Pacific
34%
St. Thomas
34%
Abilene Christian
33%
Belmont
33%
California Baptist
33%
Idaho State
33%
Merrimack
33%
Milwaukee
33%
Northern Colorado
33%
Charleston Southern
32%
Illinois State
32%
Northeastern
32%
Bellarmine
31%
Canisius
31%
Lindenwood
31%
North Carolina Greensboro
31%
Texas Arlington
31%
Central Connecticut State
30%
Drexel
30%
California Davis
29%
La Salle
29%
Massachusetts Lowell
29%
Mississippi Valley State
29%
Central Arkansas
28%
Missouri Kansas City
28%
Northwestern State
28%
Seattle
28%
Stonehill
28%
Coppin State
27%
New Orleans
27%
North Florida
27%
Southeastern Louisiana
27%
Western Illinois
27%
Farleigh Dickinson
26%
North Carolina Asheville
26%
Southern Utah
26%
Weber State
26%
Little Rock
25%
Wright State
25%
Hampton
24%
IUPUI
24%
Queens
24%
Tennessee State
24%
Utah Tech
24%
California San Diego
23%
Niagra
23%
Texas A&M Commerce
23%
Morgan State
22%
Southeastern Missouri
22%
Houston Baptist
20%
Utah Valley
20%
California State Fullerton
19%
California State Northridge
19%
Eastern Illinois
19%
Siena
19%
Maryland Eastern Shore
18%
Binghamton
17%
New Jersey Institute of Technology
17%
California State Bakersfield
16%
North Carolina Central
16%
St. Francis (PA)
16%
SIU Edwardsville
14%
Southern Indiana
14%
St. Francis Brooklyn
13%
Northern Alabama
12%
Hartford
10%
No matching quizzes found
Score Distribution
Percent of People with Each Score
Percentile by Number Answered
Your Score History
You have not taken this quiz